000 00402nam a2200157Ia 4500
003 GCL
008 140319s9999 xx 000 0 eng d
040 _aGCL /
_cGCL
082 0 4 _a833.914
_bK C
100 1 _aKREMER, RUDIGER
245 1 0 _aThe Color of the Snow /
_cKREMER, RUDIGER
260 _a[S.N] :
_bNEW DIRECTION BOOKS ،
_c1992
300 _a117
650 0 4 _aGERMAN FICTION
942 _2ddc
_cBK
999 _c13599
_d13599